Špecifiká zásob v podvojnom účtovníctve vo väzbe na osobitné predpisy

Zásoby v účtovnej jednotke predstavujú hmotné aktíva, ktoré sa vykazujú v súvahe. Sú špecifické v tom, že nie sú určené na dlhodobé používanie. Firmy sa snažia maloobrátkové zásoby predať aj pod cenu. Nakupované zásoby (materiál, tovar ) v praktických príkladoch.

Enregistré dans:
Détails bibliographiques
Auteur principal: Cígerová, Nadežda
Format: Chapitre de livre
Langue:slovaque
Sujets:
Tags: Ajouter un tag
Pas de tags, Soyez le premier à ajouter un tag!

MARC

LEADER 00000naa a2200000 4500
001 0249474
005 20221104111033.0
041 0 |a slo 
044 |a SK 
245 1 0 |a Špecifiká zásob v podvojnom účtovníctve vo väzbe na osobitné predpisy  |c Nadežda Cígerová 
520 |a Zásoby v účtovnej jednotke predstavujú hmotné aktíva, ktoré sa vykazujú v súvahe. Sú špecifické v tom, že nie sú určené na dlhodobé používanie. Firmy sa snažia maloobrátkové zásoby predať aj pod cenu. Nakupované zásoby (materiál, tovar ) v praktických príkladoch. 
610 2 0 |a zásoby 
610 2 0 |a majetok finančný 
610 2 0 |a jednotka účtovná 
610 2 0 |a aktíva hmotné 
610 2 0 |a účtovníctvo podvojné 
100 1 |a Cígerová, Nadežda